000 00727nam a2200253Ia 4500
003 OSt
005 20220926011204.0
006 a|||||r|||| 00| 0
007 ta
008 220923b |||||||| |||| 00| 0 eng d
020 _a0023794240
037 _cGeneral Book
040 _aRTL
_cRTL
_beng
041 _2eng
_aeng
082 _aX:51-8, N8
100 _aMcDonald William J
_9313688
245 0 _aCases in strategic marketing management
_b An integr
260 _aNew Jersey
_bPrentice-Hall
_c1998
300 _aviii, 352p
_ccm.
500 _aAppendix: P 289-345
650 _aMarketing Management
_9233388
942 _hX:51-8, N8
_cGB
_2CC
999 _c619305
_d619305